Rozpoznaj Śląskie miasto po zdjęciu Kościoła - Statystyki

Ogólne statystyki
  • Ten quiz został rozwiązany 27 razy
    18 od ostatniego zresetowania
  • Średni wynik to 9 z 74
Statystyki odpowiedzi
Obrazkowy Odpowiedź % Poprawnych
Rybnik
89%
Częstochowa
56%
Katowice
56%
Cieszyn
44%
Gliwice
44%
Piekary Śląskie
44%
Pszów
44%
Bytom
38%
Czerwionka-Leszczyny
38%
Jastrzębie-Zdrój
33%
Mikołów
33%
Ruda Śląska
33%
Tychy
33%
Dąbrowa Górnicza
25%
Orzesze
25%
Będzin
22%
Bielsko-Biała
22%
Chorzów
22%
Czechowice-Dziedzice
22%
Sosnowiec
22%
Szczyrk
22%
Wisła
22%
Żory
22%
Czeladź
13%
Bieruń
11%
Jaworzno
11%
Radlin
11%
Radzionków
11%
Rydułtowy
11%
Strumień
11%
Świętochłowice
11%
Tarnowskie Góry
11%
Zabrze
11%
Żywiec
11%
Blachownia
0%
Imielin
0%
Janów
0%
Kalety
0%
Kłobuck
0%
Knurów
0%
Koniecpol
0%
Koziegłowy
0%
Krzanowice
0%
Krzepice
0%
Kuźnia Raciborska
0%
Łaziska Górne
0%
Łazy
0%
Lędziny
0%
Lubliniec
0%
Miasteczko Śląskie
0%
Mysłowice
0%
Myszków
0%
Ogrodzieniec
0%
Olsztyn
0%
Pilica
0%
Poręba
0%
Przyrów
0%
Pszczyna
0%
Pyskowice
0%
Racibórz
0%
Siemianowice Śląskie
0%
Siewierz
0%
Skoczów
0%
Sławków
0%
Sośnicowice
0%
Szczekociny
0%
Toszek
0%
Ustroń
0%
Wilamowice
0%
Włodowice
0%
Wodzisław Śląski
0%
Wojkowice
0%
Woźniki
0%
Żarki
0%
Zawiercie
0%
Nie znaleziono quizów pasujących do podanych kryteriów
Rozkład punktacji
Procent ludzi z każdym wynikiem
Percentyl według liczby udzielonych odpowiedzi
Twoja historia wyników
Nie rozwiązałeś tego quizu od ostatniego zresetowania